| 000 | 00668cam a2200241Ii 4500 | ||
|---|---|---|---|
| 001 | 43072 | ||
| 005 | 20230410132649.0 | ||
| 008 | 800425s1973 ve a 000 0 spa d | ||
| 035 | _a(OCoLC)ocm06247745 | ||
| 040 |
_aHLS _cHLS _dDRFGD |
||
| 035 | _a(OCoLC)6247745 | ||
| 041 | 0 | _aspaeng | |
| 050 | 1 | 4 |
_aPS 3563 _bM787y 1973 |
| 049 | _aGRAL | ||
| 100 | 1 | _aMontgomery, George. | |
| 245 | 1 | 0 |
_aYo el anarquista : _bpoemas / _cGeorge Montgomery ; traducción, Isaac Chocrón. |
| 260 |
_aCaracas : _bEditorial Arte, _c1973. |
||
| 300 |
_a[88] p. : _bill. ; _c15 cm. |
||
| 500 | _aEnglish and Spanish. | ||
| 942 |
_2lcc _cbk |
||
| 946 | _almminaya | ||
| 994 |
_aC0 _bDRFGD |
||
| 999 |
_c85563 _d85563 |
||